Kraje Europy w 1848 roku (z mapą!) - Statystyki

Ogólne statystyki
  • Ten quiz został rozwiązany 2 435 razy
  • Średni wynik to 28 z 49
Odpowiedzi na mapie
Odpowiedzi zakodowano w zielono-czerwonej skali na mapie do tego quizu, zgodnie z poniższymi procentami.
 
Statystyki odpowiedzi
Kraj % Poprawnych
Francja
96%
Imperium Rosyjskie
96%
Hiszpania
95%
Wielka Brytania
94%
Portugalia
93%
Dania
91%
Imperium Osmańskie
91%
Szwecja
90%
Holandia
89%
Belgia
88%
Norwegia
88%
Cesarstwo Austrii
87%
Grecja
87%
Prusy
87%
Szwajcaria
83%
Państwo Kościelne
81%
Luksemburg
76%
Andora
75%
Bawaria
73%
Królestwo Obojga Sycylii
70%
Czarnogóra
66%
Sardynia
66%
Kraków
65%
San Marino
65%
Saksonia-Weimar-Eisenach
62%
Monako
61%
Saksonia
61%
Saksonia-Altenburg
61%
Saksonia-Coburg-Gotha
61%
Saksonia-Meiningen
61%
Hamburg
50%
Liechtenstein
43%
Toskania
34%
Hanower
30%
Brema
28%
Frankfurt nad Menem
28%
Elektorat {Hesji}
26%
Holsztyn
26%
Landgrafostwo {Hesji}-{Darmstadt}
26%
Badenia
24%
Meklemburgia-Schwerin
22%
Meklemburgia-Strelitz
21%
Wirtembergia
21%
Parma
16%
Anhalt
15%
Lubeka
11%
Modena
10%
Brunszwik
9%
Nassau
8%
Nie znaleziono quizów pasujących do podanych kryteriów
Rozkład punktacji
Procent ludzi z każdym wynikiem
Percentyl według liczby udzielonych odpowiedzi
Twoja historia wyników
Nie rozwiązałeś tego quizu